000
00317nam a22001457a 4500
003
SGT
020
_a
978-93-81608-03-6
082
_a
615.538
_b
A16S
100
_a
SHARMA, NITIN
245
_a
AGADHA TANTRA
260
_a
NEW DELHI
_b
CHAUKHAMBHA PUB
_c
2016
300
_a
252
650
_a
AYURVEDA
942
_2
ddc
_c
BK
_0
27
999
_c
11372
_d
11372